<?xml version="1.0" encoding="UTF-8"?><?xml-stylesheet type="text/xsl" href="static/style.xsl"?><OAI-PMH xmlns="http://www.openarchives.org/OAI/2.0/" xmlns:xsi="http://www.w3.org/2001/XMLSchema-instance" xsi:schemaLocation="http://www.openarchives.org/OAI/2.0/ http://www.openarchives.org/OAI/2.0/OAI-PMH.xsd"><responseDate>2026-06-02T06:08:46Z</responseDate><request verb="GetRecord" identifier="oai:riuma.uma.es:10630/18344" metadataPrefix="marc">https://riuma.uma.es/rest/oai/request</request><GetRecord><record><header><identifier>oai:riuma.uma.es:10630/18344</identifier><datestamp>2026-02-03T12:14:57Z</datestamp><setSpec>com_10630_2254</setSpec><setSpec>col_10630_37959</setSpec></header><metadata><record xmlns="http://www.loc.gov/MARC21/slim" xmlns:dcterms="http://purl.org/dc/terms/" xmlns:doc="http://www.lyncode.com/xoai" xmlns:xsi="http://www.w3.org/2001/XMLSchema-instance" xsi:schemaLocation="http://www.loc.gov/MARC21/slim http://www.loc.gov/standards/marcxml/schema/MARC21slim.xsd">
   <leader>00925njm 22002777a 4500</leader>
   <datafield ind2=" " ind1=" " tag="042">
      <subfield code="a">dc</subfield>
   </datafield>
   <datafield ind2=" " ind1=" " tag="720">
      <subfield code="a">Lupión-Cobos, Teresa</subfield>
      <subfield code="e">author</subfield>
   </datafield>
   <datafield ind2=" " ind1=" " tag="720">
      <subfield code="a">Hierrezuelo-Osorio, José Manuel</subfield>
      <subfield code="e">author</subfield>
   </datafield>
   <datafield ind2=" " ind1=" " tag="720">
      <subfield code="a">Cruz-Lorite, Isabel María</subfield>
      <subfield code="e">author</subfield>
   </datafield>
   <datafield ind2=" " ind1=" " tag="720">
      <subfield code="a">Blanco-López, Ángel</subfield>
      <subfield code="e">author</subfield>
   </datafield>
   <datafield ind2=" " ind1=" " tag="260">
      <subfield code="c">2019-09-13</subfield>
   </datafield>
   <datafield ind2=" " ind1=" " tag="520">
      <subfield code="a">En el marco de las reformas curriculares la literatura especializada destaca la importancia de contemplar las creencias del profesorado y sus percepciones hacia ella, con aspectos que condicionan la integración de los cambios propuestos en la identidad profesional docente. En este trabajo se presenta un estudio de caso, en el que se analizan los factores que manifiesta un profesor de ciencias de educación secundaria novel en distintos momentos de su participación un programa formativo diseñado para atender a los desafíos que la reforma del sistema educativo plantea para la educación científica en España. Este programa implicaba la realización de tareas de diseño, puesta en práctica y evaluación de propuestas didácticas propias con las que promover la enseñanza de las competencias científicas, utilizando para ello el enfoque de enseñanza de las ciencias en contexto. Para el análisis y categorización de las respuestas del profesor, manifestadas en dos entrevistas individuales y en un grupo focal, se ha utilizado la propuesta de Ryder (2015), complementada con el establecimiento del carácter cualificador, facilitador u obstaculizador, de las valoraciones realizadas. El profesor analizado se centra fundamentalmente en los factores personales, lo que parece lógico teniendo en cuenta que tiene muy poca experiencia docente. Algunas de sus ideas cambian, durante el proceso de formación, a otras más acordes con los planteamientos de la reformas, detectándose la influencia de las opiniones de sus compañeros en las suyas propias durante el grupo focal.</subfield>
   </datafield>
   <datafield ind1="8" ind2=" " tag="024">
      <subfield code="a">https://hdl.handle.net/10630/18344</subfield>
   </datafield>
   <datafield tag="653" ind2=" " ind1=" ">
      <subfield code="a">Profesores de enseñanza secundaria</subfield>
   </datafield>
   <datafield ind2="0" ind1="0" tag="245">
      <subfield code="a">Factors influencing teacher response to externally driven curriculum reform. a case study</subfield>
   </datafield>
</record>
</metadata></record></GetRecord></OAI-PMH>